00724nam a2200241 a 4500001001300000003000900013005001700022008004100039020002300080082001600103100001900119245006200138260004400200300000900244500003500253505001000288650002000298700001900318902000800337942000700345952011300352999001700465nice12345678IN_TiNIC20260116013803.0050524s1993 newa grp 000 0 eng  a0312248 c37500a297.82bPIN aPinault, David aShiitesb Rituals and Popular Piety in a Muslim Community aNewyork, USA bSt.Martin`s Press c1993 a210p aincludes index and biblioraphy2 aIndex aShiah-Hyderabad1 aPinault, David bSRS cBK 00104070aHMIbHMId2012-11-15g375.00l14m3o297.82 PINp015190r2024-11-14s2024-11-05w2026-01-16yEB c12498d12498